00775nam a2200181 a 45000010005000000030005000050050017000100080041000270400020000682450092000882600077001803000020002574900059002775000154003366000019004906500036005096500048005455491CDMR20131203165742.0130130s1971||||||||||||||||||||||||||||d aCDMRbcatcCDMR 0aPublics et techniques de la diffusión collectiveb: etudes offertes à Roger Clausse aBruxellesc1971bInstitut de Sociologie. Université Libre de Bruxelles a492 p ;c24 cm0 aCentre d'Etudes des Techniques de Diffusion Collectiva aEtudes offertes à Roger Clausse pour le 25e ammiversaire de la licence en journalisme et communication sociale de l'Université Libre de Cruxelles aClausse, Roger04aMitjans de comunicació social04aMitjans de comunicació de massaxPúblic